<?xml version="1.0" encoding="UTF-8"?><?xml-stylesheet type="text/xsl" href="static/style.xsl"?><OAI-PMH xmlns="http://www.openarchives.org/OAI/2.0/" xmlns:xsi="http://www.w3.org/2001/XMLSchema-instance" xsi:schemaLocation="http://www.openarchives.org/OAI/2.0/ http://www.openarchives.org/OAI/2.0/OAI-PMH.xsd"><responseDate>2026-04-17T13:21:44Z</responseDate><request verb="GetRecord" identifier="oai:riubu.ubu.es:10259/9120" metadataPrefix="marc">https://riubu.ubu.es/oai/request</request><GetRecord><record><header><identifier>oai:riubu.ubu.es:10259/9120</identifier><datestamp>2025-03-14T23:42:21Z</datestamp><setSpec>com_10259_2699</setSpec><setSpec>col_10259_2719</setSpec></header><metadata><record xmlns="http://www.loc.gov/MARC21/slim" xmlns:doc="http://www.lyncode.com/xoai" xmlns:xsi="http://www.w3.org/2001/XMLSchema-instance" xmlns:dcterms="http://purl.org/dc/terms/" xsi:schemaLocation="http://www.loc.gov/MARC21/slim http://www.loc.gov/standards/marcxml/schema/MARC21slim.xsd">
<leader>00925njm 22002777a 4500</leader>
<datafield tag="042" ind1=" " ind2=" ">
<subfield code="a">dc</subfield>
</datafield>
<datafield tag="720" ind1=" " ind2=" ">
<subfield code="a">Ibáñez Verdugo, Carmen</subfield>
<subfield code="e">author</subfield>
</datafield>
<datafield tag="260" ind1=" " ind2=" ">
<subfield code="c">2023</subfield>
</datafield>
<datafield tag="520" ind1=" " ind2=" ">
<subfield code="a">Tanto el Marco Común Europeo de Referencia en la Enseñanza de Lenguas (MCER), como el Volumen Complementario al Marco (VCMCER) y el Plan Curricular del Instituto Cervantes (PCIC) contemplan al estudiante de lenguas como un agente social que debe esforzarse para aprender una lengua extranjera y para conseguir la competencia comunicativa. Esta, que se refiere no solo a emitir y reconocer enunciados gramaticalmente correctos, sino también a apreciar y diferenciar en qué contexto y situaciones lingüísticas pueden ser manifestados, incluye el componente léxicosemántico, eje de esta investigación. Así, se focaliza la atención en la inclusión de su enseñanza, tanto de manera implícita como explícita en el aula, y en el trabajo con las unidades léxicas y sus combinaciones frecuentes, las colocaciones léxicas y gramaticales, fundamentalmente en los niveles iniciales de Español como Lengua Extranjera (ELE).</subfield>
</datafield>
<datafield tag="520" ind1=" " ind2=" ">
<subfield code="a">The Common European Framework of Reference for Language Teaching (CEFR), the Complementary Volume to the CEFR (VCMCER) and the Curricular Plan of the Instituto Cervantes (PCIC) all consider the language learner as a social agent who must strive to learn a foreign language and to achieve communicative competence. The latter, which refers not only to the ability to produce and recognise grammatically correct utterances, but also to appreciate and differentiate in what context and linguistic situations they can be expressed, includes the lexical-semantic component, the focus of this research. Thus, attention is focused on the inclusion of its teaching, both implicitly and explicitly in the classroom, and on working with lexical units and their frequent combinations, lexical and grammatical collocations, fundamentally in the initial levels of Spanish as a Foreign Language (ELE).</subfield>
</datafield>
<datafield tag="024" ind2=" " ind1="8">
<subfield code="a">http://hdl.handle.net/10259/9120</subfield>
</datafield>
<datafield tag="024" ind2=" " ind1="8">
<subfield code="a">10.36443/10259/9120</subfield>
</datafield>
<datafield ind1=" " ind2=" " tag="653">
<subfield code="a">Colocaciones léxicas</subfield>
</datafield>
<datafield ind1=" " ind2=" " tag="653">
<subfield code="a">Componente léxico-semántico</subfield>
</datafield>
<datafield ind1=" " ind2=" " tag="653">
<subfield code="a">Competencia comunicativa</subfield>
</datafield>
<datafield ind1=" " ind2=" " tag="653">
<subfield code="a">Español Lengua Extranjera (ELE)</subfield>
</datafield>
<datafield ind1=" " ind2=" " tag="653">
<subfield code="a">Enseñanza de segundas lenguas</subfield>
</datafield>
<datafield ind1=" " ind2=" " tag="653">
<subfield code="a">Lexical collocations</subfield>
</datafield>
<datafield ind1=" " ind2=" " tag="653">
<subfield code="a">Lexical-semantic component</subfield>
</datafield>
<datafield ind1=" " ind2=" " tag="653">
<subfield code="a">Communicative competence</subfield>
</datafield>
<datafield ind1=" " ind2=" " tag="653">
<subfield code="a">Spanish as a foreign language (ELE)</subfield>
</datafield>
<datafield ind1=" " ind2=" " tag="653">
<subfield code="a">Second language teaching</subfield>
</datafield>
<datafield tag="245" ind1="0" ind2="0">
<subfield code="a">Las combinaciones frecuentes y colocaciones léxicas en niveles iniciales de Español como Lengua Extranjera</subfield>
</datafield>
</record></metadata></record></GetRecord></OAI-PMH>